| 000 | 00581cam a22001817a 4500 | ||
|---|---|---|---|
| 008 | 180718b1997 xxu||||| |||| 00| 0 eng d | ||
| 020 | _a0195639499 | ||
| 082 | _aT1 B651i | ||
| 245 |
_aIssues in economic theory and public policy: essays in honour of professor Tapas Majumdar _cedited by Amitava Bose, Mihir Rakshit and Anup Sinha |
||
| 260 |
_aDelhi _bOxford University Press _c1997 |
||
| 300 | _a322p. | ||
| 650 | _aPublic policy | ||
| 650 | _aIndia - Economic policy | ||
| 650 | _aEconomics | ||
| 700 | _aSinha, Anup | ||
| 700 | _aRakshit, Mihir | ||
| 700 | _aBose, Amitava | ||
| 999 |
_c385793 _d385793 |
||